[Event "Gibraltar Masters 2019"]
[Site "Caleta ENG"]
[Date "2019.01.24"]
[Round "3.58"]
[White "Gallego Alcaraz,A"]
[Black "Doluhanova,E"]
[Result "1/2-1/2"]
[WhiteElo "2502"]
[BlackElo "2348"]

1.e4 e5 2.Nf3 Nc6 3.Bb5 Nf6 4.d3 Bc5 5.O-O d6 6.c3 O-O 7.Bg5 h6 8.Bh4 Bg4
9.h3 Bh5 10.g4 Bg6 11.Nbd2 Qe7 12.Re1 Nd8 13.d4 Bb6 14.d5 c6 15.Ba4 cxd5
16.exd5 Rc8 17.Bc2 Bxc2 18.Qxc2 g5 19.Nxg5 hxg5 20.Bxg5 Bxf2+ 21.Kg2 Bxe1
22.Rxe1 Ne6 23.dxe6 Qxe6 24.Bxf6 Qxf6 25.Rf1 Qg6 26.Rf5 f6 27.Qd3 Rc7 28.Qxd6 Rc6
29.Qd3 Qf7 30.a3 Qe7 31.Ne4 Rf7 32.Qf3 Rb6  1/2-1/2

[Event "Gibraltar Masters 2019"]
[Site "Caleta ENG"]
[Date "2019.01.24"]
[Round "3.57"]
[White "Dragnev,Valentin"]
[Black "Gavilan Diaz,M"]
[Result "1-0"]
[WhiteElo "2511"]
[BlackElo "2357"]

1.d4 Nf6 2.Nf3 e6 3.c4 b6 4.g3 Ba6 5.b3 d5 6.Bg2 dxc4 7.Ne5 Bb4+ 8.Kf1 Bd6
9.Nxc4 Nd5 10.Bb2 Nc6 11.Nc3 Nde7 12.d5 Bxc4 13.bxc4 Ne5 14.Qa4+ Nd7 15.c5 Bxc5
16.dxe6 fxe6 17.Bxa8 Qxa8 18.Qe4 Qxe4 19.Nxe4 O-O 20.Kg2 Nd5 21.Nxc5 Nxc5
22.Ba3  1-0

[Event "Gibraltar Masters 2019"]
[Site "Caleta ENG"]
[Date "2019.01.24"]
[Round "3.81"]
[White "Bjerre,Jonas Buhl"]
[Black "Weisbuch,U"]
[Result "1-0"]
[WhiteElo "2422"]
[BlackElo "2172"]

1.e4 e6 2.d4 d5 3.Nd2 Nf6 4.e5 Nfd7 5.Bd3 c5 6.c3 Nc6 7.Ne2 cxd4 8.cxd4 f6
9.exf6 Nxf6 10.O-O Bd6 11.Nf3 Qc7 12.Bg5 O-O 13.Rc1 Bd7 14.Re1 Rae8 15.h3 a6
16.Bb1 Re7 17.Ne5 Bxe5 18.dxe5 Qxe5 19.Bf4 Qxb2 20.Bd6 Rfe8 21.Nc3 Rf7 22.Bc5 Nb4
23.Qd4 a5 24.Qe3 e5 25.Nd1 d4 26.Nxb2 dxe3 27.Bxe3 Be6 28.Nc4 Bxc4 29.Rxc4 Nc6
30.Bc2 Rd7 31.Bb3 Kh8 32.Ba4 Rd6 33.Rb1 Rd7 34.Rxc6 bxc6 35.Bxc6 Kg8 36.Bxd7 Nxd7
37.Rb7 Nb8 38.Rc7 a4 39.Ra7 Nc6 40.Rxa4 Kf7 41.Rc4 Re6 42.a4 Rd6 43.Kf1 Ke6
44.Ke2 Kd7 45.Rh4 h6 46.Rg4 g6 47.Bxh6 Nd4+ 48.Ke1 Ra6 49.Be3 Rxa4 50.Bxd4 exd4
51.Rxg6 Ke7 52.Ke2 Kf7 53.Rg4 Kf6 54.Kd3 Ke5 55.Rg5+ Kf6 56.f4 Rb4 57.h4  1-0

[Event "Gibraltar Masters 2019"]
[Site "Caleta ENG"]
[Date "2019.01.24"]
[Round "3.55"]
[White "Sadzikowski,D"]
[Black "Lane,G"]
[Result "1-0"]
[WhiteElo "2534"]
[BlackElo "2358"]

1.d4 f5 2.g3 Nf6 3.Bg2 g6 4.Nf3 Bg7 5.O-O O-O 6.c4 d6 7.Nc3 Qe8 8.Re1 Qf7
9.e4 fxe4 10.Nxe4 Nc6 11.b3 Nxe4 12.Rxe4 e5 13.Be3 exd4 14.Nxd4 Bd7 15.Rf4 Qe7
16.Nxc6 Bxc6 17.Bxc6 bxc6 18.Rxf8+ Rxf8 19.Rc1 c5 20.Qc2 Qe5 21.Rd1 Re8 22.Kg2 Qe4+
23.Qxe4 Rxe4 24.Rd3 Kf7 25.f3 Re8 26.Kf2 Bf8 27.f4 c6 28.Kf3 Ke6 29.g4 Be7
30.Bf2 Rf8 31.Kg3 Rf7 32.Re3+ Kd7 33.Rc3 Bf6 34.Rd3 Ke6 35.Rd1 Rc7 36.Kf3 Rf7
37.f5+ gxf5 38.gxf5+ Ke7 39.Bg3 Bd4 40.Re1+ Kd7 41.Kg4 Re7 42.Rf1 d5 43.f6 Rf7
44.Bh4 Be5 45.Rf2 Bd4 46.Rf1 Be5 47.Kf5 Bxh2 48.Bg5 Bd6 49.Rd1 d4 50.b4 Rf8
51.bxc5 Bxc5 52.Be3 Rd8 53.Bxd4 Kc8 54.Bxc5 Rxd1 55.f7 Rf1+ 56.Ke6 h5 57.f8=Q+ Rxf8
58.Bxf8 h4 59.c5 Kb7 60.Kd7  1-0

[Event "Gibraltar Masters 2019"]
[Site "Caleta ENG"]
[Date "2019.01.24"]
[Round "3.32"]
[White "Maze,S"]
[Black "Danielian,E"]
[Result "1-0"]
[WhiteElo "2596"]
[BlackElo "2427"]

1.e4 e6 2.d4 d5 3.Nd2 c5 4.exd5 exd5 5.Ngf3 Nf6 6.Bb5+ Bd7 7.Bxd7+ Nbxd7
8.O-O Be7 9.dxc5 Nxc5 10.Re1 O-O 11.Nf1 Nce4 12.Nd4 Bc5 13.c3 Re8 14.f3 Nd6
15.Rxe8+ Qxe8 16.Kh1 Qe5 17.b3 Rc8 18.Be3 Nf5 19.Nxf5 Qxf5 20.Bxc5 Rxc5 21.Qd4 b6
22.Ne3 Qc8 23.Rc1 h6 24.g4 Qe6 25.Kg2 Rc8 26.Re1 Qc6 27.Nd1 Nd7 28.c4 Nf6
29.Ne3 Qc5 30.Qxc5 Rxc5 31.b4 Rc7 32.cxd5 Rc3 33.d6 Rd3 34.Nf5 Kf8 35.Rc1 g6
36.Rc8+ Ne8 37.Rd8 gxf5 38.d7 Re3 39.Ra8  1-0

[Event "Gibraltar Masters 2019"]
[Site "Caleta ENG"]
[Date "2019.01.24"]
[Round "3.31"]
[White "Sadhwani,Raunak"]
[Black "Lagarde,Max"]
[Result "0-1"]
[WhiteElo "2451"]
[BlackElo "2604"]

1.e4 c5 2.Nf3 d6 3.d4 cxd4 4.Nxd4 Nf6 5.Nc3 Nc6 6.Bg5 e6 7.Qd2 a6 8.O-O-O Bd7
9.f4 Be7 10.Nf3 b5 11.Bd3 h6 12.Bh4 b4 13.Ne2 Qb6 14.h3 a5 15.g4 b3 16.cxb3 a4
17.Nc3 O-O 18.Nxa4 Qb7 19.Nc3 Nb4 20.Kb1 Rfc8 21.Bxf6 Bxf6 22.e5 Bd8 23.Nd4 Rxc3
24.bxc3 Nxa2 25.Qb2 dxe5 26.fxe5 Qc7 27.Bc4 Qxe5 28.b4 Qe4+ 29.Bd3 Qd5 30.Rh2 Bf6
31.Bf1 Be8 32.Rc2 Ra7 33.Be2 Qe4 34.Bd3 Qa8 35.Be2 Ba4 36.Nb3 Bxb3 37.Qxb3 Nxb4  0-1

[Event "Gibraltar Masters 2019"]
[Site "Caleta ENG"]
[Date "2019.01.24"]
[Round "3.124"]
[White "Teh,Wee Zhun"]
[Black "Kandic,Mila"]
[Result "0-1"]
[WhiteElo "1818"]
[BlackElo "2136"]

1.d4 d6 2.c4 Nf6 3.Nc3 Nbd7 4.Nf3 e5 5.g3 g6 6.Bg2 Bg7 7.O-O O-O 8.b3 Re8
9.Bb2 a6 10.Re1 e4 11.Ng5 e3 12.fxe3 Ng4 13.Nf3 Nxe3 14.Qd3 Nxg2 15.Kxg2 Nf6
16.e4 Bg4 17.h3 Bc8 18.Rad1 Qd7 19.Rh1 b5 20.e5 dxe5 21.dxe5 bxc4 22.Qb1 Qc6
23.exf6 Bxf6 24.Nd5 c3 25.Qc2 Bb7 26.Bc1 Bg7 27.Rhf1 Qb5 28.Ne3 Be4 29.Qf2 c2
30.Rde1 Bd3 31.Rg1 Qc6 32.Kh2 Bh6 33.Nd4 Qc5 34.Ndxc2 Bxc2 35.Qxc2 Bxe3 36.Qxc5 Bxc5
37.Rgf1 Bb4 38.Re3 Rxe3 39.Bxe3 Re8 40.Rf3 Ba5 41.Kg2 Bb6 42.Bxb6 cxb6 43.Kf2 b5
44.a3 h5 45.h4 Kg7 46.Rc3 Re6 47.Kf3 Kf6 48.Kf4 Rd6 49.Ke4 Ke6 50.Rc8 f5+
51.Ke3 Ke5 52.Rc5+ Kf6 53.Rc8 Re6+ 54.Kf3 Ke5 55.Ke3 Kd5+ 56.Kf3 Kd4 57.Kf2 Ke4
58.Rc1 f4 59.Rc3 Rd6 60.gxf4 Kxf4 61.Rc5 Kg4 62.a4 Rf6+ 63.Kg2 bxa4 64.bxa4 Kxh4
65.Rc4+ Kg5 66.Rc5+ Rf5 67.Rc6 Ra5 68.Rc4 Kf5 69.Kf3 g5 70.Rb4 g4+ 71.Kg3 Kg5
72.Rc4 h4+ 73.Kf2 Rf5+ 74.Kg2 h3+ 75.Kh2 Kh4 76.Rb4 Rf2+ 77.Kg1 Ra2 78.Kh1 Kg3
79.Rb3+ Kf2 80.Rb4  0-1

[Event "Gibraltar Masters 2019"]
[Site "Caleta ENG"]
[Date "2019.01.24"]
[Round "3.123"]
[White "Wilson,Matthew R"]
[Black "Hosek,Ma"]
[Result "0-1"]
[WhiteElo "1822"]
[BlackElo "2153"]

1.e4 Nf6 2.e5 Nd5 3.d4 d6 4.Nf3 g6 5.Bc4 Nb6 6.Bb3 Bg7 7.O-O Nc6 8.Qe2 d5
9.Nbd2 O-O 10.c3 e6 11.Bc2 f6 12.exf6 Qxf6 13.Re1 Bd7 14.Nb3 Rfe8 15.Nc5 e5
16.Bg5 Qf7 17.Nxe5 Nxe5 18.dxe5 Rxe5 19.Be3 Bc6 20.Qg4 Qe7 21.Nd3 Re4 22.Qg3 Re8
23.Nf4 Re5 24.Bxg6 Rg5 25.Bxh7+ Kxh7 26.Qh3+ Kg8 27.Nd3 Rg6 28.Bxb6 Qd6 29.Rxe8+ Bxe8
30.Be3 Bd7 31.Bf4 Bxh3 32.Bxd6 Rxg2+ 33.Kh1 cxd6 34.Nf4 Rxf2 35.Nxh3 Rxb2
36.Kg1 Kf8 37.Rf1+ Ke8 38.Nf4 Bxc3 39.Nxd5 Be5 40.Nf6+ Ke7 41.Nd5+ Ke6  0-1

[Event "Gibraltar Masters 2019"]
[Site "Caleta ENG"]
[Date "2019.01.24"]
[Round "3.110"]
[White "Pinho,P"]
[Black "Hewson,Brian W R"]
[Result "0-1"]
[WhiteElo "2205"]
[BlackElo "2006"]

1.d4 Nf6 2.c4 e6 3.Nc3 d5 4.cxd5 exd5 5.Bg5 Be7 6.Qc2 Nbd7 7.e3 c6 8.Bd3 Nf8
9.h3 Nh5 10.Bxe7 Qxe7 11.O-O-O Be6 12.Kb1 O-O-O 13.Nge2 g6 14.Rhe1 f5 15.Na4 Nd7
16.Rc1 Kb8 17.Qd2 Nhf6 18.f3 Rhe8 19.Rc3 Nb6 20.Nc5 Bc8 21.Ra3 Nc4 22.Bxc4 dxc4
23.Qb4 Nd5 24.Qxc4 Nxe3 25.Qa4 b5 26.Qb4 Nd5 27.Qa5 Qc7 28.Qd2 Nb6 29.Rb3 Qd6
30.Qc2 Be6 31.Ra3 Nc4 32.Rd3 Bd5 33.Qc3 Re7 34.Nc1 Rde8 35.Red1 Ne3 36.R1d2 Bc4
37.Qb4 Bxd3+ 38.N1xd3 Nc4 39.Rc2 Qd5 40.Na6+ Kb7 41.b3 Nb6 42.a4 Ka8 43.a5 Nc8
44.Ne5 Kb7 45.Nc5+ Kb8 46.Ncd3 Rc7 47.Rc5 Qd6 48.Nxc6+ Rxc6 49.Qxb5+ Kc7
50.Nb4 Re1+ 51.Ka2 Rxc5 52.Na6+ Kd8 53.Nxc5 Qxd4  0-1

[Event "Gibraltar Masters 2019"]
[Site "Caleta ENG"]
[Date "2019.01.24"]
[Round "3.111"]
[White "Verneuil,P"]
[Black "Phadke,So1"]
[Result "0-1"]
[WhiteElo "2114"]
[BlackElo "2191"]

1.e4 c5 2.Nc3 Nc6 3.Bb5 Nd4 4.Nf3 a6 5.Bd3 g6 6.Nxd4 cxd4 7.Ne2 Bg7 8.c3 dxc3
9.dxc3 d6 10.O-O Nf6 11.a4 b6 12.a5 b5 13.Be3 Bb7 14.Bb6 Qc8 15.f3 d5 16.Ng3 O-O
17.Qe2 dxe4 18.Bxe4 Nxe4 19.Nxe4 Bd5 20.Qd2 Qc6 21.Rfe1 Rfe8 22.Rad1 e6 23.Nf2 Rac8
24.Nd3 Bb3 25.Nb4 Qa8 26.Rc1 Qb7 27.Nd3 Qd5 28.Qe3 Qh5 29.Ra1 Bf8 30.Ne5 f6
31.Nd7 Be7 32.Qf4 Qf5 33.Qxf5 gxf5 34.Be3 Red8 35.Nb6 Rc6 36.Rac1 Kf7 37.Re2 Rd3
38.Bf2 e5 39.h3 Bf8 40.Rce1 Bh6 41.Be3 Bf8 42.f4 h5 43.fxe5 fxe5 44.Bf2 Bg7
45.Be3 Bf8 46.Bf2 e4 47.Bd4 Be6 48.Rf2 Kg6 49.g4 hxg4 50.hxg4 Rg3+ 51.Rg2 Rxg2+
52.Kxg2 fxg4 53.Rxe4 Rxb6 54.Rxg4+ Bxg4 55.axb6 Be6 56.Kf2 Bd5 57.Ke3 Kf5
58.b3 Bh6+ 59.Kd3 Be4+ 60.Ke2 Ke6 61.Be3 Bxe3 62.Kxe3 Ke5 63.Kd2 Bg2 64.Kc2 Kd6
65.Kb2 Kc5 66.Ka3 Kxb6 67.Kb4 a5+ 68.Ka3 Kc5 69.Kb2 b4 70.Kc2 Be4+ 71.Kd2 Bg6  0-1

[Event "Gibraltar Masters 2019"]
[Site "Caleta ENG"]
[Date "2019.01.24"]
[Round "3.112"]
[White "Tejaswini,S"]
[Black "Adewole,Adeyinka"]
[Result "1-0"]
[WhiteElo "2190"]
[BlackElo "1972"]

1.e4 d6 2.d4 g6 3.Nc3 Bg7 4.Be3 a6 5.h4 h5 6.Nh3 Nf6 7.f3 Nbd7 8.Ng5 e5 9.Bc4 O-O
10.a4 c6 11.a5 Qe7 12.O-O Nh7 13.Ne2 exd4 14.Bxd4 Nxg5 15.hxg5 Ne5 16.Ba2 Be6
17.f4 Ng4 18.Bxg7 Kxg7 19.f5 Qxg5 20.Qd4+ Qf6 21.fxe6 Qxd4+ 22.Nxd4 f6 23.e7 Rfe8
24.Ne6+ Kf7 25.Nc7+ Kxe7 26.Nxa8 Rxa8 27.Bb3 Rh8 28.Ra4 c5 29.Bd5 g5 30.Bxb7 Rb8
31.Bxa6 Rxb2 32.Rc1 Ne3 33.Bd3 c4 34.Bxc4 Nxc4 35.Rxc4 Ra2 36.Rc7+ Ke6 37.Ra7 d5
38.Ra6+ Ke5 39.exd5 Kxd5 40.Rxf6  1-0

[Event "Gibraltar Masters 2019"]
[Site "Caleta ENG"]
[Date "2019.01.24"]
[Round "3.113"]
[White "Waddington,M"]
[Black "Carreto Nieto,G"]
[Result "0-1"]
[WhiteElo "2094"]
[BlackElo "2174"]

1.c4 e5 2.Nc3 Nc6 3.Nf3 f5 4.d4 e4 5.Ng5 Bb4 6.Nh3 Bxc3+ 7.bxc3 d6 8.Nf4 Nf6
9.h4 O-O 10.h5 Na5 11.e3 c5 12.a4 b6 13.Qc2 Qe8 14.Qa2 Bd7 15.Bd2 Rc8 16.Be2 Qf7
17.Rc1 Rc7 18.O-O Re8 19.Rc2 Bc8 20.Rb1 Ba6 21.d5 Nd7 22.Rb5 Bxb5 23.axb5 Ne5
24.Rb2 Qf6 25.Be1 g5 26.Ne6 Rxe6 27.dxe6 Qxe6 28.Rd2 g4 29.Rd5 Rg7 30.Bd1 Rg5
31.h6 Rh5 32.Rxe5 Qxe5 33.g3 Rxh6 34.Be2 Qe6 35.Qa1 Rf6 36.Kg2 Kg7 37.Kg1 Rf7
38.Qa2 h5 39.Kg2 Re7 40.Kg1 Kf7 41.Kg2 Ke8 42.Kg1 Kd7 43.Bf1 Kc7 44.Be2 Re8
45.Bf1 Ra8 46.Be2 Kb7 47.Bf1 a6 48.Qd2 Nxc4 49.Bxc4 Qxc4 50.Qxd6 axb5 51.Qd7+ Ka6
52.f4 exf3 53.Bf2 h4  0-1

[Event "Gibraltar Masters 2019"]
[Site "Caleta ENG"]
[Date "2019.01.24"]
[Round "3.114"]
[White "Movileanu,Daniela"]
[Black "Vilarnovo Caamano,J"]
[Result "1/2-1/2"]
[WhiteElo "2174"]
[BlackElo "1945"]

1.e4 c5 2.Nf3 Nc6 3.d4 cxd4 4.Nxd4 Nf6 5.Nc3 e5 6.Ndb5 d6 7.Bg5 a6 8.Na3 b5
9.Bxf6 gxf6 10.Nd5 Bg7 11.Bd3 Ne7 12.Nxe7 Qxe7 13.O-O O-O 14.c4 f5 15.Qh5 Qb7
16.Rfe1 d5 17.cxd5 fxe4 18.Bxe4 f5 19.Bc2 e4 20.Rab1 a5 21.Re3 Ra6 22.Qe2 Bd7
23.Rb3 Rc8 24.Rg3 Kh8 25.Rd1 Rh6 26.Qd2 b4 27.Nb1 Qc7 28.Bb3 a4 29.d6 Qc6
30.Bd5 Qxd6 31.h3 f4 32.Rxg7 Kxg7 33.Qd4+ Rf6 34.Nd2 Bf5 35.Nxe4 Bxe4 36.Qxe4 Rc7
37.Qf3 Qe5 38.Be4 Qe6 39.Rd5 h6 40.Rd8 Re7 41.Rd4 b3  1/2-1/2

[Event "Gibraltar Masters 2019"]
[Site "Caleta ENG"]
[Date "2019.01.24"]
[Round "3.115"]
[White "Bopp,T"]
[Black "Obiamiwe,P"]
[Result "1-0"]
[WhiteElo "2171"]
[BlackElo "1903"]

1.d4 d5 2.c4 e6 3.cxd5 exd5 4.Nc3 Nf6 5.Bg5 Be7 6.e3 c6 7.Bd3 O-O 8.Qc2 Nbd7
9.Nf3 Re8 10.O-O Nf8 11.Rae1 Ne4 12.Bf4 Nf6 13.h3 Be6 14.Rb1 h6 15.b4 N8d7
16.Na4 Nb6 17.Nc5 Bc8 18.b5 Nbd7 19.Nb3 Qb6 20.bxc6 bxc6 21.Rbc1 Ba3 22.Rcd1 a5
23.Nc5 Qa7 24.Na4 Ba6 25.Ne5 Nxe5 26.dxe5 Bxd3 27.Rxd3 Be7 28.exf6 Bxf6 29.Qxc6 Re4
30.Rxd5 Rb4 31.Rc1 Rd8 32.Rxd8+ Bxd8 33.a3  1-0

[Event "Gibraltar Masters 2019"]
[Site "Caleta ENG"]
[Date "2019.01.24"]
[Round "3.116"]
[White "Hamer,M"]
[Black "Whatley,Stephen A J"]
[Result "1-0"]
[WhiteElo "2046"]
[BlackElo "2171"]

1.d4 f5 2.g3 Nf6 3.Bg2 d6 4.Nf3 g6 5.c4 Bg7 6.b4 O-O 7.Bb2 Ne4 8.Nbd2 c5
9.O-O Nc6 10.b5 Na5 11.Nxe4 fxe4 12.Nd2 cxd4 13.Bxe4 Bh3 14.Re1 Rc8 15.Rc1 Be6
16.Bd5 Bxd5 17.cxd5 Rc5 18.Nf3 Rxd5 19.e4 Rxb5 20.Bxd4 Bxd4 21.Nxd4 Rb2 22.Re2 Rxe2
23.Qxe2 Qd7 24.h4 Nc6 25.Nxc6 bxc6 26.Qc4+ Kg7 27.Qxc6 Qxc6 28.Rxc6 Kf6 29.Ra6 Ra8
30.f4 Ke6 31.Kg2 Kd7 32.h5 Kc7 33.hxg6 hxg6 34.Kf3 Kb7 35.Ra5 Rc8 36.Rg5 Rc2
37.Rxg6 Rxa2 38.Rg7 a5 39.Rxe7+ Kb6 40.f5 Ra1 41.g4 a4 42.Rh7 a3 43.Rh2 a2
44.Rf2 Kc6 45.Kf4 Kd7 46.Kg5 Ke7 47.f6+ Kf7 48.Kf5 Rb1 49.Rxa2 Rf1+ 50.Kg5 Rxf6
51.Ra5 Rg6+ 52.Kh5 Re6 53.Ra4 Re5+ 54.g5 Re7 55.Kh6 Rb7 56.g6+ Kf6 57.Ra6 Rb1
58.Rxd6+ Ke5 59.Rd2 Rf1 60.g7 Rh1+ 61.Kg6 Rg1+ 62.Kf7 Rf1+ 63.Ke8 Rg1 64.Rd7 Ke6
65.Re7+ Kd6 66.e5+  1-0

[Event "Gibraltar Masters 2019"]
[Site "Caleta ENG"]
[Date "2019.01.24"]
[Round "3.117"]
[White "Crespo,E"]
[Black "Lochte,S"]
[Result "1-0"]
[WhiteElo "2169"]
[BlackElo "1868"]

1.e4 c5 2.Nf3 e6 3.d4 cxd4 4.Nxd4 a6 5.Nc3 b5 6.Bd3 Qb6 7.Nf3 d6 8.O-O Nd7
9.a4 b4 10.Be3 Qb8 11.Na2 Ngf6 12.Bd2 d5 13.exd5 Nxd5 14.c4 Nf4 15.Be4 Ra7
16.Nd4 Qe5 17.Qf3 Bd6 18.Rfd1 Rc7 19.b3 Nc5 20.Bc6+ Bd7 21.Bxd7+ Rxd7 22.Qa8+ Rd8
23.Qxd8+ Kxd8 24.Nc6+ Kc7 25.Nxe5 Bxe5 26.Nxb4 Bxa1 27.Bxf4+ e5 28.Rxa1 exf4
29.Nd5+ Kc6 30.b4 Nd3 31.h4 Rb8 32.Rb1 a5 33.b5+ Kc5 34.b6 Kxc4 35.Rb5 Nc5
36.Nxf4 Nxa4 37.Rxa5 Nxb6 38.Ra7 Rf8 39.Nh5 g6 40.Nf6 h5 41.Nh7 Rd8 42.Rxf7 Rd7
43.Rf4+ Kc5 44.Nf8 Rd6 45.Nxg6 Rxg6 46.Rf5+ Kd6 47.Rxh5 Nd7 48.Ra5 Ke7 49.Kh2 Nf6
50.f3 Kf7 51.Kh3 Kg7 52.g4 Ne8 53.Ra7+ Kg8 54.g5 Ng7 55.Kg4 Rc6 56.f4 Ne6
57.Ra4 Rc1 58.h5  1-0

[Event "Gibraltar Masters 2019"]
[Site "Caleta ENG"]
[Date "2019.01.24"]
[Round "3.103"]
[White "Avila Fraire,Ameyalli"]
[Black "Jaksland,T"]
[Result "1/2-1/2"]
[WhiteElo "1994"]
[BlackElo "2264"]

1.e4 c5 2.Nf3 e6 3.g3 Nc6 4.Bg2 Nf6 5.Qe2 e5 6.Nc3 d6 7.Nd5 g6 8.c3 Bg7 9.O-O O-O
10.Ne1 Be6 11.Nc2 Qd7 12.Nce3 Nh5 13.d3 Rae8 14.Bd2 Ne7 15.Bf3 Nf6 16.Nxf6+ Bxf6
17.Bg4 Bg7 18.f4 exf4 19.Rxf4 f5 20.exf5 Nxf5 21.Re1 Bh6 22.Re4 Bxe3+ 23.Bxe3 Bd5
24.Rxe8 Rxe8 25.c4 Bc6 26.Qf2 Rf8 27.Bf4 Qg7 28.Bxf5 Rxf5 29.Qe2 Qd4+ 30.Be3 Qf6
31.Bc1 Kf7 32.b3 Re5 33.Qf2 Rxe1+ 34.Qxe1 Qf5 35.Qf2 Bf3 36.Qe3 Bc6 37.Qf4 Ke6
38.Qxf5+ Kxf5 39.Bf4 Ke6 40.Kf2 h5 41.Ke3  1/2-1/2

[Event "Gibraltar Masters 2019"]
[Site "Caleta ENG"]
[Date "2019.01.24"]
[Round "3.104"]
[White "Srija,S"]
[Black "Burke,M"]
[Result "1-0"]
[WhiteElo "2210"]
[BlackElo "1994"]

1.e4 c5 2.Nf3 d6 3.d4 cxd4 4.Nxd4 Nf6 5.Nc3 a6 6.Nb3 g6 7.Be2 Bg7 8.h4 h5
9.Bg5 Nbd7 10.Qd2 b5 11.f3 Bb7 12.O-O-O Rc8 13.Kb1 Qc7 14.Bd3 Nb6 15.Rhe1 O-O
16.Bh6 b4 17.Bxg7 Kxg7 18.Ne2 Nc4 19.Qxb4 Ne3 20.Rc1 Nxg2 21.Rg1 Ne3 22.Nf4 e5
23.Rxg6+ fxg6 24.Ne6+ Kh6 25.Nxc7 Rxc7 26.Qb6  1-0

[Event "Gibraltar Masters 2019"]
[Site "Caleta ENG"]
[Date "2019.01.24"]
[Round "3.105"]
[White "Cano Sevilla,Ivan"]
[Black "Logothetis,S"]
[Result "0-1"]
[WhiteElo "1950"]
[BlackElo "2210"]

1.d4 Nf6 2.Bf4 d5 3.Nf3 c5 4.e3 Nc6 5.c3 Qb6 6.Qb3 c4 7.Qxb6 axb6 8.Na3 Na7
9.Nc2 Bf5 10.Nb4 e6 11.a3 Nc6 12.Nxc6 bxc6 13.Ne5 Rc8 14.Be2 h5 15.h3 Ne4
16.Rg1 f6 17.Nf3 g5 18.Bg3 b5 19.Nd2 Nxg3 20.fxg3 g4 21.Kf2 Bd6 22.hxg4 hxg4
23.Rh1 Kf7 24.Rae1 c5 25.Rd1 Rxh1 26.Rxh1 e5 27.Rh4 cxd4 28.exd4 exd4 29.Bxg4 Bxg4
30.Rxg4 dxc3 31.bxc3 Bxa3 32.Nf3 Bb2 33.Nd4 Bxc3 34.Nxb5 Be5 35.Na3 Ke6 36.Ke2 d4
37.Kd1 Kf5 38.Rh4 Ke6 39.Kd2 Kd5 40.Nc2 Rg8 41.g4 Bf4+ 42.Kd1 Rb8  0-1

[Event "Gibraltar Masters 2019"]
[Site "Caleta ENG"]
[Date "2019.01.24"]
[Round "3.106"]
[White "Pigott,J"]
[Black "Suez Panama,G"]
[Result "1-0"]
[WhiteElo "2387"]
[BlackElo "2078"]

1.d4 Nf6 2.c4 g6 3.Nc3 Bg7 4.e4 d6 5.f3 a6 6.Be3 Nc6 7.Qd2 e5 8.d5 Nd4 9.Nge2 c5
10.dxc6 bxc6 11.Nxd4 exd4 12.Bxd4 O-O 13.Be2 Rb8 14.O-O c5 15.Be3 Re8 16.Rfd1 Qa5
17.Rac1 Be6 18.b3 Rbd8 19.Bg5 Qb6 20.Kh1 Rd7 21.Qf4 Nh5 22.Qh4 h6 23.Be3 Bf6
24.Qf2 g5 25.g3 Ng7 26.f4 Qb7 27.Bf3 Bxc3 28.Rxc3 g4 29.Bg2 Qb4 30.Rcd3 f5
31.e5 Red8 32.Bc6 Rc7 33.Bxc5 Qb8 34.Bxd6 Rxd6 35.Rxd6  1-0

[Event "Gibraltar Masters 2019"]
[Site "Caleta ENG"]
[Date "2019.01.24"]
[Round "3.107"]
[White "Taylor,Adam C"]
[Black "Hng,Mei-En Emmanuelle"]
[Result "1-0"]
[WhiteElo "2356"]
[BlackElo "2071"]

1.Nf3 c5 2.c4 Nf6 3.g3 Nc6 4.Bg2 g6 5.O-O Bg7 6.Nc3 d6 7.a3 O-O 8.Rb1 d5
9.cxd5 Nxd5 10.Nxd5 Qxd5 11.d3 Bg4 12.h3 Be6 13.Ng5 Qa2 14.Nxe6 Qxe6 15.Be3 c4
16.d4 Qf6 17.d5 Nd4 18.Qd2 a5 19.Bg5 Qe5 20.e4 Nb3 21.Qf4 Qxf4 22.Bxf4 Ra6
23.Rfd1 b5 24.e5 Nc5 25.Be3 Na4 26.Bd4 Rd8 27.f4 f6 28.b3 fxe5 29.fxe5 Nb6
30.a4 Nxd5 31.axb5 Re6 32.Ba1 c3 33.Bxc3 Nxc3 34.Rxd8+  1-0

[Event "Gibraltar Masters 2019"]
[Site "Caleta ENG"]
[Date "2019.01.24"]
[Round "3.108"]
[White "Abdulraheem,Abdulrahman Akintoye"]
[Black "Herzwurm,R"]
[Result "1-0"]
[WhiteElo "2224"]
[BlackElo "2021"]

1.Nf3 Nf6 2.c4 g6 3.Nc3 Bg7 4.e4 d6 5.d4 O-O 6.Be2 e5 7.O-O exd4 8.Nxd4 Re8
9.f3 c6 10.Kh1 d5 11.cxd5 cxd5 12.Bb5 Nbd7 13.exd5 a6 14.Ba4 b5 15.Nc6 Qc7
16.Bb3 Nb6 17.Bg5 Bb7 18.Rc1 Nc4 19.Bxc4 bxc4 20.Bxf6 Bxf6 21.Ne4 Bxb2 22.Rxc4 Bxc6
23.Rxc6 Qd7 24.Qb3 Bg7 25.Nc5 Qe7 26.Qc4 Rad8 27.Rxa6 Qe5 28.d6 Rxd6 29.Rxd6 Qxd6
30.Ne4 Qe6 31.Qxe6 Rxe6 32.Rc1 f5 33.Ng5 Re2 34.Rc8+ Bf8 35.h4 h6 36.Nh3 Rxa2
37.Nf4 Ra1+ 38.Kh2 Ra6 39.h5 gxh5 40.Nxh5 Kf7 41.Rc7+ Kg6 42.Nf4+ Kf6 43.Kh3 Rd6
44.Ra7 Rc6 45.Rb7 Rd6 46.Rb8 Kf7 47.Rb5 Kf6 48.Nd5+ Kg6 49.Ne3 Rf6 50.f4 Ba3
51.g3 Bf8 52.Ng2 Kf7 53.Nh4 Ke6 54.Re5+ Kd7 55.Nxf5 Ba3 56.Kg4 Bb2 57.Re7+ Kd8
58.Rh7 h5+ 59.Rxh5 Ke8 60.Rh7 Kf8 61.Rb7 Bc3 62.Rc7 Bb2 63.Ne3 Bd4 64.Ng2 Rg6+
65.Kf3 Ra6 66.Nh4 Ra3+ 67.Kg4 Bf2 68.Nf5 Rd3 69.Rc2 Be1 70.Re2 Ba5 71.Re3 Rd7
72.Kf3 Rb7 73.g4 Bd2 74.Rd3 Bc1 75.Rd8+  1-0

[Event "Gibraltar Masters 2019"]
[Site "Caleta ENG"]
[Date "2019.01.24"]
[Round "3.109"]
[White "Ramasindraibe,Girard"]
[Black "Warakomska,A"]
[Result "0-1"]
[WhiteElo "2129"]
[BlackElo "2209"]

1.e4 e5 2.Nf3 Nc6 3.Bb5 a6 4.Ba4 Nf6 5.d3 d6 6.c3 g6 7.O-O Bg7 8.b4 O-O 9.Bb3 h6
10.Re1 Nh5 11.a3 Kh7 12.Nbd2 f5 13.exf5 Bxf5 14.Ne4 d5 15.Nc5 b6 16.Ba4 Qf6
17.Bxc6 Qxc6 18.Nxe5 Bxe5 19.Rxe5 bxc5 20.g4 Qf6 21.f4 Qh4 22.gxh5 gxh5 23.Kh1 Rf7
24.Ra2 Rg8 25.Rxd5 Bg4 26.Qf1 Bf3+  0-1

[Event "Gibraltar Masters 2019"]
[Site "Caleta ENG"]
[Date "2019.01.24"]
[Round "3.122"]
[White "Burrows,M"]
[Black "Christophe Hayot,R"]
[Result "1-0"]
[WhiteElo "2156"]
[BlackElo "1729"]

1.e4 d6 2.d4 c6 3.f4 g6 4.Nf3 Bg4 5.Nc3 Bg7 6.Be3 Bxf3 7.Qxf3 Qb6 8.O-O-O Qa5
9.e5 d5 10.g4 Na6 11.f5 O-O-O 12.fxg6 Rf8 13.gxh7 Rxh7 14.Qf5+  1-0

[Event "Gibraltar Masters 2019"]
[Site "Caleta ENG"]
[Date "2019.01.24"]
[Round "3.121"]
[White "Gravett,A"]
[Black "Byron,A"]
[Result "0-1"]
[WhiteElo "1840"]
[BlackElo "2157"]

1.Nf3 d5 2.c4 d4 3.b4 f6 4.Bb2 e5 5.a3 c5 6.bxc5 Nc6 7.d3 Bxc5 8.g3 Be6 9.Bg2 Qd7
10.Nbd2 Nh6 11.Rb1 Nf7 12.Ne4 Be7 13.Bc1 O-O 14.h3 Rab8 15.g4 b6 16.Ng3 g6
17.Rg1 Kh8 18.Ne4 Na5 19.Bd2 Nb7 20.Qc1 Nc5 21.Ng3 Rfc8 22.g5 f5 23.Qb2 Bf8
24.Qb5 Qd8 25.h4 Bg7 26.h5 Kg8 27.hxg6 hxg6 28.Nh4 Nh8 29.f4 a6 30.Qb2 b5
31.Qa2 bxc4 32.Rxb8 Rxb8 33.dxc4 Nb3 34.Qc2 Nxd2 35.Kxd2 Qa5+  0-1

[Event "Gibraltar Masters 2019"]
[Site "Caleta ENG"]
[Date "2019.01.24"]
[Round "3.54"]
[White "Hoolt,S"]
[Black "Nguyen,Thai Dai Van"]
[Result "0-1"]
[WhiteElo "2358"]
[BlackElo "2535"]

1.e4 c5 2.Nf3 d6 3.Bb5+ Nd7 4.d4 cxd4 5.Qxd4 a6 6.Be2 Ngf6 7.c4 g6 8.Nc3 Bg7
9.O-O O-O 10.h3 b6 11.Qe3 Bb7 12.Rd1 Qb8 13.Rb1 e6 14.b4 Qc7 15.Bb2 Rfe8
16.Bd3 d5 17.e5 d4 18.Nxd4 Nxe5 19.Qg3 Rac8 20.Ndb5 Qb8 21.Nd6 Qxd6 22.Be4 Nxe4
23.Nxe4 Qc6 24.Nd6 Nxc4 25.Bxg7 Nxd6 26.Be5 Nf5 27.Qh2 Red8 28.f3 Rxd1+ 29.Rxd1 Qc2
30.Ra1 Qd2 31.Kh1 Rc1+  0-1

[Event "Gibraltar Masters 2019"]
[Site "Caleta ENG"]
[Date "2019.01.24"]
[Round "3.53"]
[White "Ernst,S"]
[Black "Quillan,G"]
[Result "1-0"]
[WhiteElo "2540"]
[BlackElo "2364"]

1.Nf3 f5 2.d4 Nf6 3.Bf4 e6 4.e3 Be7 5.h3 d6 6.c4 b6 7.Nc3 Bb7 8.Ng5 Qd7 9.d5 e5
10.Bh2 Na6 11.a3 c5 12.Nb5 g6 13.Ne6 Bc8 14.g4 fxg4 15.hxg4 Qb7 16.g5 Nh5
17.Qa4 Kf7 18.Bg2 Bd7 19.O-O Kg8 20.f4 exf4 21.exf4 Ng7 22.Nxg7 Kxg7 23.f5 gxf5
24.Qb3 Bxb5 25.cxb5 Nc7 26.Rae1 Rhe8 27.Rxf5 Qc8 28.Qh3 Bf8 29.Rf7+ Kxf7
30.Qxh7+ Bg7 31.Rf1+ Ke7 32.Qxg7+ Kd8 33.Qf6+  1-0

[Event "Gibraltar Masters 2019"]
[Site "Caleta ENG"]
[Date "2019.01.24"]
[Round "3.52"]
[White "Moroni,L"]
[Black "Galinsky,T"]
[Result "1-0"]
[WhiteElo "2562"]
[BlackElo "2365"]

1.c4 e6 2.Nf3 d5 3.e3 Nf6 4.Nc3 c6 5.b3 Bd6 6.Bb2 O-O 7.Be2 dxc4 8.bxc4 e5
9.Qc2 Qe7 10.Ng5 Na6 11.Rd1 h6 12.h4 g6 13.Nge4 Nxe4 14.Nxe4 Bf5 15.g4 Bxe4
16.Qxe4 Nc5 17.Qc2 e4 18.g5 hxg5 19.hxg5 Be5 20.Ba3 Bg7 21.Bxc5 Qxc5 22.Qxe4 Qxg5
23.d4 Rad8 24.c5 Rfe8 25.Qh4 Qd5 26.a3 Qa2 27.Qg4 Qxa3 28.O-O Qa2 29.Ra1 Qe6
30.Qxe6 Rxe6 31.Bc4 Re4 32.Rxa7 Bxd4 33.Rxb7 Rg4+ 34.Kh2 Be5+ 35.f4 Rd2+
36.Kh3 Rdg2 37.Bxf7+ Kh8 38.Rf3 Rg1 39.Be6  1-0

[Event "Gibraltar Masters 2019"]
[Site "Caleta ENG"]
[Date "2019.01.24"]
[Round "3.51"]
[White "Karthikeyan,M2"]
[Black "Rahul,Srivatshav P"]
[Result "1-0"]
[WhiteElo "2570"]
[BlackElo "2370"]

1.e4 c5 2.Nf3 e6 3.d4 cxd4 4.Nxd4 Nc6 5.Nc3 Qc7 6.Be3 a6 7.a3 b5 8.Nxc6 Qxc6
9.Be2 Bb7 10.O-O Qc7 11.Qd4 Nf6 12.Rfd1 Rc8 13.e5 Nd5 14.Nxd5 Bxd5 15.a4 Qb8
16.axb5 axb5 17.Qf4 Bc5 18.Bxc5 Rxc5 19.Qb4 Rxc2 20.Bxb5 Qb7 21.Ra5 f5 22.Qa4 Rc7
23.Bxd7+ Kf7 24.Raxd5 exd5 25.e6+ Kg6 26.Be8+ Rxe8 27.Qxe8+ Kh6 28.h4 Qb3
29.Rf1 Qb4 30.Qd8 Re7 31.Qxd5 g6 32.Qe5 Qe4 33.Re1 Qxe5 34.Rxe5 Kg7 35.b4 Kf6
36.Re2 h6 37.Kf1  1-0